| 000 | 01487nam0a2200337 4500 | ||
|---|---|---|---|
| 001 | RU\NLR\bibl\117859 | ||
| 005 | 20250617095306.0 | ||
| 021 |
_aRU _b2000-29220 _91380 |
||
| 035 | _a(NLR Aleph) 000115429 | ||
| 090 |
_a655887 _c655887 |
||
| 100 | _a20001012d1999 |||y0rusy50 ca | ||
| 101 | 0 | _arus | |
| 102 | _aRU | ||
| 105 | _ay ||||||||| | ||
| 200 | 1 |
_aРазлуки, годы, расстояния _e(Стихи) _aВойна и люди _e(Рассказы) _fА. Стыркас |
|
| 210 |
_aЧерноголовка _cБ.и. _d1999 |
||
| 215 |
_a178,[1] с. _d21 |
||
| 327 | 0 | _aСодерж.: Разлуки, годы, расстоянья: (Стихи): Циклы: Я от жизни скупой так немного хочу; Дело тонкое - Восток; Вновь пришел Мамай; Отдается стук колес; Тосты скажут корифеи; Дитя семи нянек и др.; Война и люди: (Рассказы): Встреча ветеранов; Жук; Сумочка; А счастье было... | |
| 675 |
_a821.161.1-8Стыркас _v3 _zrus |
||
| 686 |
_a17.82 _2rugasnti |
||
| 686 |
_a84(2Рос=Рус)6 _2rubbk |
||
| 686 | _aШ6(2=Р)75я44 | ||
| 700 | 1 |
_aСтыркас _bА. _4070 |
|
| 801 | 0 |
_aRU _bRKP _c20001012 _gPSBO |
|
| 801 | 1 |
_aRU _bRKP _c20001012 |
|
| 801 | 2 |
_aRU _bNLR _c20001205 _grcr |
|
| 852 |
_aNLR _j2000-3/13963 |
||
| 942 | _cBOOK | ||
| 980 | _aNB | ||